[Event "European Hybrid Qual 2021"]
[Site "Tornelo INT"]
[Date "2021.05.25"]
[Round "1.2"]
[White "Kaasen, Tor Fredrik"]
[Black "Banusz, Tamas"]
[Result "1/2-1/2"]
[WhiteTitle "IM"]
[BlackTitle "GM"]
[WhiteElo "2383"]
[BlackElo "2631"]
[WhiteFideId "1516647"]
[BlackFideId "722413"]
[EventDate "2021.05.24"]
[EventType "k.o."]

1. e4 e5 2. Nf3 Nc6 3. Bb5 a6 4. Ba4 Nf6 5. O-O Nxe4 6. d4 Be7 7. Re1 b5 8. Rxe4
d5 9. Nxe5 Nxe5 10. Rxe5 bxa4 11. Nc3 O-O 12. Rxd5 Bd6 13. Bg5 f6 14. Bf4 Be6
15. Bxd6 cxd6 16. Rh5 a3 17. bxa3 Rc8 18. d5 Bf7 19. Rh3 Qa5 20. Ne4 Qxd5 21.
Nxd6 Qxd1+ 22. Rxd1 Rxc2 23. Nxf7 Rxf7 24. Rf3 Rd7 25. Rb1 Rb2 26. Rc1 Rc2 27.
Rb1 Rb2 28. Rc1 Rc2 29. Rb1 1/2-1/2

[Event "European Hybrid Qual 2021"]
[Site "Tornelo INT"]
[Date "2021.05.24"]
[Round "1.1"]
[White "Korpa, Bence"]
[Black "Parkhov, Yair"]
[Result "0-1"]
[WhiteTitle "GM"]
[BlackTitle "IM"]
[WhiteElo "2536"]
[BlackElo "2424"]
[WhiteFideId "706671"]
[BlackFideId "2813408"]
[EventDate "2021.05.24"]
[EventType "k.o."]

1. Nf3 d5 2. g3 g6 3. Bg2 Bg7 4. d4 Nf6 5. O-O O-O 6. c3 Bf5 7. Nbd2 Qc8 8. Re1
c5 9. dxc5 Qxc5 10. Nd4 Bg4 11. h3 Bd7 12. e4 dxe4 13. Nxe4 Nxe4 14. Bxe4 Qc7
15. h4 e5 16. Nc2 Bc6 17. Bxc6 Nxc6 18. h5 Rad8 19. Qe2 Rfe8 20. Be3 e4 21. hxg6
hxg6 22. Kg2 Qd7 23. Red1 Qe6 24. Rh1 Ne5 25. Bd4 Qf5 26. Bxe5 Qxe5 27. Ne3 Rd3
28. Rh4 f5 29. Qc2 Qe6 30. Qa4 Red8 31. Qb5 Qd7 32. Qb3+ Qf7 33. Qb5 g5 34. Rh2
f4 35. Nf1 e3 36. fxe3 fxg3 37. Nxg3 Rd2+ 38. Kg1 Rxh2 39. Kxh2 Rd2+ 40. Kh3
Qe6+ 41. Qf5 Qh6+ 42. Kg4 Qh4+ 43. Kf3 g4+ 44. Qxg4 Rf2+ 45. Kxf2 Qxg4 46. Rg1
Kf7 47. Ne2 Qh4+ 48. Kf1 Qh3+ 49. Kf2 Bf6 50. Nf4 Qf5 51. Kf3 Qc2 52. Rg2 Qd1+
53. Re2 Be5 54. a3 Kf6 55. Ng2 a5 56. e4 Ke6 57. Ke3 Bc7 58. Rd2 Bb6+ 59. Kd3
Qb1+ 60. Rc2 Ke5 61. Kd2 Kxe4 0-1

[Event "European Hybrid Qual 2021"]
[Site "Tornelo INT"]
[Date "2021.05.25"]
[Round "1.2"]
[White "Parkhov, Yair"]
[Black "Korpa, Bence"]
[Result "1/2-1/2"]
[WhiteTitle "IM"]
[BlackTitle "GM"]
[WhiteElo "2424"]
[BlackElo "2536"]
[WhiteFideId "2813408"]
[BlackFideId "706671"]
[EventDate "2021.05.24"]
[EventType "k.o."]

1. d4 Nf6 2. c4 e6 3. Nf3 d5 4. Nc3 c5 5. cxd5 Nxd5 6. e4 Nxc3 7. bxc3 cxd4 8.
cxd4 Bb4+ 9. Bd2 Bxd2+ 10. Qxd2 O-O 11. Bc4 Nd7 12. O-O b6 13. Rad1 Bb7 14. Rfe1
Re8 15. d5 exd5 16. Bxd5 Nc5 17. Bxb7 Qxd2 18. Nxd2 Nxb7 19. Nb3 Re7 20. f4 Rc8
21. e5 h5 22. Nd4 Rc4 23. f5 Rc5 24. Nf3 Ra5 25. Rc1 f6 26. Rc8+ Kh7 27. exf6
Rxe1+ 28. Nxe1 Nd6 29. Rc7 Rxf5 30. Rxg7+ 1/2-1/2

[Event "European Hybrid Qual 2021"]
[Site "Tornelo INT"]
[Date "2021.05.24"]
[Round "1.1"]
[White "Can, Emre"]
[Black "Haring, Filip"]
[Result "1-0"]
[WhiteTitle "GM"]
[BlackTitle "FM"]
[WhiteElo "2569"]
[BlackElo "2376"]
[WhiteFideId "6302181"]
[BlackFideId "14933080"]
[EventDate "2021.05.24"]
[EventType "k.o."]

1. d4 Nf6 2. c4 e6 3. Nf3 Bb4+ 4. Nbd2 O-O 5. a3 Bxd2+ 6. Qxd2 b6 7. e3 Bb7 8.
Be2 d6 9. O-O Ne4 10. Qc2 f5 11. b4 Nd7 12. d5 e5 13. Nd2 Nxd2 14. Bxd2 c6 15.
dxc6 Bxc6 16. f3 a5 17. Rfd1 Qf6 18. Bc3 Qh6 19. Qd2 Rf6 20. Bf1 Rg6 21. Qf2 Qh5
22. Be2 Rh6 23. g3 Rf8 24. Rd2 Rff6 25. f4 Qe8 26. Bf3 Qa8 27. Bd5+ Bxd5 28.
Rxd5 Qc6 29. Qa2 Re6 30. Rad1 Nf6 31. b5 Qc7 32. Rxd6 Rxd6 33. c5+ Kf8 34. Rxd6
Qxc5 35. Qd2 exf4 36. Qd4 Qxd4 37. Bxd4 f3 38. Rxb6 f2+ 39. Kf1 1-0

[Event "European Hybrid Qual 2021"]
[Site "Tornelo INT"]
[Date "2021.05.25"]
[Round "1.2"]
[White "Haring, Filip"]
[Black "Can, Emre"]
[Result "1/2-1/2"]
[WhiteTitle "FM"]
[BlackTitle "GM"]
[WhiteElo "2376"]
[BlackElo "2569"]
[WhiteFideId "14933080"]
[BlackFideId "6302181"]
[EventDate "2021.05.24"]
[EventType "k.o."]

1. Nf3 d5 2. c4 e6 3. g3 Nf6 4. Bg2 d4 5. O-O c5 6. d3 Nc6 7. e3 Bd6 8. exd4
cxd4 9. Bg5 h6 10. Bxf6 Qxf6 11. Nbd2 Qe7 12. a3 a5 13. Nb3 e5 14. Re1 Be6 15.
c5 Bc7 16. Nxe5 Nxe5 17. Nxd4 O-O 18. Nxe6 fxe6 19. d4 Rad8 20. Re4 Nc6 21. Qg4
e5 22. Rae1 Qf7 23. dxe5 Qxf2+ 24. Kh1 Rd2 25. R4e2 Rxe2 26. Qc4+ Qf7 27. Qxe2
Nxe5 28. Bxb7 Qf2 29. b4 axb4 30. axb4 Qxe2 31. Bd5+ Kh8 32. Rxe2 Rb8 33. Re4
Nd3 34. Re7 Nxb4 35. Bf3 Rf8 36. Bb7 Ba5 1/2-1/2

[Event "European Hybrid Qual 2021"]
[Site "Tornelo INT"]
[Date "2021.05.26"]
[Round "2.1"]
[White "Artemiev, Vladislav"]
[Black "Hracek, Zbynek"]
[Result "1-0"]
[WhiteTitle "GM"]
[BlackTitle "GM"]
[WhiteElo "2709"]
[BlackElo "2565"]
[WhiteFideId "24101605"]
[BlackFideId "300071"]
[EventDate "2021.05.24"]
[EventType "k.o."]

1. c4 e6 2. Nc3 d5 3. d4 Nf6 4. cxd5 exd5 5. Bg5 c6 6. e3 Nbd7 7. Bd3 Be7 8.
Nge2 O-O 9. O-O Re8 10. f3 Nf8 11. Bh4 Ng6 12. Bf2 c5 13. Bc2 a6 14. dxc5 Bxc5
15. Qd2 b5 16. Rad1 Bb7 17. Nf4 Qb6 18. Bxg6 hxg6 19. Rfe1 Rad8 20. h4 Rd7 21.
Nce2 Bxe3 22. Bxe3 Qxe3+ 23. Qxe3 Rxe3 24. Nd4 Rxe1+ 25. Rxe1 Kf8 26. Kf2 Ne8
27. g4 Rc7 28. a3 Rc8 29. Nd3 Rc7 30. b3 Re7 31. Rh1 Bc8 32. Nf4 Rc7 33. Ke3
Rc3+ 34. Kd2 Rc7 35. Kd3 a5 36. h5 g5 37. Nxd5 Rc5 38. Nb6 b4 39. axb4 axb4 40.
Ra1 Rc3+ 41. Kd2 Be6 42. Ra4 Rc7 43. Rxb4 Rb7 44. Kc3 Nf6 45. Kd3 Ke8 46. Rb5
Ke7 47. Nc6+ Ke8 48. Na5 Rb8 49. Nc6 Rb7 50. Rb4 Rc7 51. Nd4 Rb7 52. Nxe6 fxe6
53. Kc4 Rc7+ 54. Kd4 Ke7 55. Rb5 Rb7 56. Nc8+ 1-0

[Event "European Hybrid Qual 2021"]
[Site "Tornelo INT"]
[Date "2021.05.27"]
[Round "2.2"]
[White "Hracek, Zbynek"]
[Black "Artemiev, Vladislav"]
[Result "0-1"]
[WhiteTitle "GM"]
[BlackTitle "GM"]
[WhiteElo "2565"]
[BlackElo "2709"]
[WhiteFideId "300071"]
[BlackFideId "24101605"]
[EventDate "2021.05.24"]
[EventType "k.o."]

1. e4 e5 2. Nf3 Nc6 3. Bc4 Nf6 4. d4 exd4 5. e5 d5 6. Bb5 Ne4 7. Nxd4 Bd7 8.
Bxc6 bxc6 9. O-O Bc5 10. Be3 Qe7 11. Re1 O-O 12. f3 Ng5 13. Nc3 Ne6 14. Qd2 Bxd4
15. Bxd4 Qb4 16. Bf2 d4 17. Ne4 Qxd2 18. Nxd2 c5 19. Nc4 a5 20. a4 Nf4 21. g4 h5
22. g5 Bf5 23. Bg3 Nh3+ 24. Kg2 Nxg5 25. Rac1 Be6 26. Nd2 Bd5 27. b3 Ne6 28. Kf2
Kh7 29. h4 Rab8 30. Ke2 Rb4 31. Kd3 Rd8 32. Ra1 c4+ 0-1

[Event "European Hybrid Qual 2021"]
[Site "Tornelo INT"]
[Date "2021.05.26"]
[Round "2.1"]
[White "Studer, Noel"]
[Black "Smirin, Ilia"]
[Result "1/2-1/2"]
[WhiteTitle "GM"]
[BlackTitle "GM"]
[WhiteElo "2584"]
[BlackElo "2595"]
[WhiteFideId "1319620"]
[BlackFideId "2801990"]
[EventDate "2021.05.24"]
[EventType "k.o."]

1. d4 Nf6 2. c4 e6 3. Nf3 d5 4. Nc3 dxc4 5. e3 a6 6. a4 c5 7. Bxc4 Nc6 8. O-O
Be7 9. Qe2 cxd4 10. Rd1 e5 11. exd4 exd4 12. Nxd4 Nxd4 13. Qe5 Qd6 14. Qxd6 Bxd6
15. Rxd4 Be5 16. Rd1 1/2-1/2

[Event "European Hybrid Qual 2021"]
[Site "Tornelo INT"]
[Date "2021.05.27"]
[Round "2.2"]
[White "Smirin, Ilia"]
[Black "Studer, Noel"]
[Result "0-1"]
[WhiteTitle "GM"]
[BlackTitle "GM"]
[WhiteElo "2595"]
[BlackElo "2584"]
[WhiteFideId "2801990"]
[BlackFideId "1319620"]
[EventDate "2021.05.24"]
[EventType "k.o."]

1. Nf3 d5 2. g3 Nf6 3. Bg2 e6 4. O-O Be7 5. d3 O-O 6. Nbd2 c5 7. e4 Nc6 8. e5
Nd7 9. Re1 b5 10. Nf1 a5 11. h4 b4 12. N1h2 a4 13. a3 Bb7 14. h5 h6 15. Ng4 Qb6
16. Bxh6 gxh6 17. Qd2 Nd4 18. Nxd4 cxd4 19. axb4 Bg5 20. Nxh6+ Bxh6 21. Qxh6
Qxb4 22. Qg5+ Kh7 23. h6 Rg8 24. Qf4 Raf8 25. c3 Qc5 26. Rxa4 dxc3 27. Rc1 c2
28. Ra3 f6 29. Qa4 fxe5 30. Qxd7+ Kh8 31. d4 Qxd4 32. Qxe6 Qd1+ 33. Kh2 Rg5 0-1

[Event "European Hybrid Qual 2021"]
[Site "Tornelo INT"]
[Date "2021.05.26"]
[Round "2.1"]
[White "Tomashevsky, Evgeny"]
[Black "Michalik, Peter"]
[Result "1-0"]
[WhiteTitle "GM"]
[BlackTitle "GM"]
[WhiteElo "2706"]
[BlackElo "2594"]
[WhiteFideId "4147235"]
[BlackFideId "14907526"]
[EventDate "2021.05.24"]
[EventType "k.o."]

1. c4 Nf6 2. Nf3 e6 3. b3 d5 4. Bb2 Be7 5. e3 O-O 6. Nc3 dxc4 7. Bxc4 a6 8. Qc2
b5 9. Bd3 Bb7 10. Ne4 Nxe4 11. Bxe4 Bxe4 12. Qxe4 Qd5 13. Qg4 g6 14. h4 Nd7 15.
h5 Bf6 16. e4 Qd3 17. e5 Be7 18. Rc1 Rfc8 19. Rh3 Qd5 20. hxg6 fxg6 21. Nd4 Nxe5
22. Qxe6+ Qxe6 23. Nxe6 Bd6 24. Kf1 a5 25. Bxe5 Bxe5 26. Rc5 Bd6 27. Rxb5 a4 28.
Ke2 h6 29. b4 a3 30. Nc5 Rcb8 31. Rxb8+ Rxb8 32. Nd3 h5 33. Kd1 Kf7 34. Kc2 Ke6
35. Rh4 Rh8 36. f3 Kf5 37. Rc4 h4 38. Nf2 Rb8 39. Kb3 Bf4 40. Rc5+ Ke6 41. Ne4
Rd8 42. Kxa3 Bxd2 43. Rc6+ Kf5 44. Rf6+ Ke5 45. Rxg6 Rd3+ 46. Ka4 Bc1 47. Kb5 h3
48. gxh3 Rxf3 49. Nc5 Rxh3 50. a4 Bd2 51. Rc6 Rh7 52. Na6 Kd4 53. Rxc7 1-0

[Event "European Hybrid Qual 2021"]
[Site "Tornelo INT"]
[Date "2021.05.27"]
[Round "2.2"]
[White "Michalik, Peter"]
[Black "Tomashevsky, Evgeny"]
[Result "1/2-1/2"]
[WhiteTitle "GM"]
[BlackTitle "GM"]
[WhiteElo "2594"]
[BlackElo "2706"]
[WhiteFideId "14907526"]
[BlackFideId "4147235"]
[EventDate "2021.05.24"]
[EventType "k.o."]

1. e4 e5 2. Nf3 Nc6 3. Bb5 Nf6 4. O-O Nxe4 5. Re1 Nd6 6. a4 Be7 7. Nc3 O-O 8. d4
e4 9. Nxe4 Nxe4 10. Rxe4 d5 11. Re1 Bd6 12. Ne5 Ne7 13. Bd3 Bf5 14. Bxf5 Nxf5
15. Qg4 Qc8 16. c3 Ne7 17. Qf3 Qf5 18. Bf4 Ng6 19. Bg3 Qxf3 20. Nxf3 Bxg3 21.
hxg3 Rfe8 22. a5 Kf8 23. Ra4 Rxe1+ 24. Nxe1 Ke7 25. Rb4 Rb8 26. Kf1 Kd6 27. Ke2
Ne7 28. Nd3 Nc6 29. Ra4 h5 30. Ra1 Re8+ 31. Kf3 g6 32. g4 hxg4+ 33. Kxg4 Re2 34.
Kf3 Re7 35. g3 Re8 36. Kg2 Rh8 37. b4 b6 38. Kf3 f6 39. Nf4 g5 40. Nd3 Ne7 41.
b5 Kd7 42. Nb4 Kd6 43. Re1 f5 44. a6 Rh6 45. g4 Rh3+ 46. Kg2 fxg4 47. Re5 Rf3
48. Re1 Rxc3 49. Rxe7 Rc4 50. Nxd5 Kxd5 51. Rd7+ Ke6 52. Rd8 Rb4 53. Ra8 Rxb5
54. Rxa7 Ra5 55. Ra8 Ra3 56. a7 Kd7 57. d5 b5 58. d6 b4 59. dxc7 Kxc7 60. Rb8
Rxa7 61. Rxb4 Kd6 62. Kg3 Rf7 63. Rb5 Rf3+ 64. Kg2 Ke6 65. Rxg5 Rf4 66. Kg3 1/2-1/2

[Event "European Hybrid Qual 2021"]
[Site "Tornelo INT"]
[Date "2021.05.26"]
[Round "2.1"]
[White "Petrov, Nikita"]
[Black "Gajewski, Grzegorz"]
[Result "1/2-1/2"]
[WhiteTitle "GM"]
[BlackTitle "GM"]
[WhiteElo "2550"]
[BlackElo "2596"]
[WhiteFideId "4101286"]
[BlackFideId "1116207"]
[EventDate "2021.05.24"]
[EventType "k.o."]

1. d4 Nf6 2. c4 e6 3. Nf3 d5 4. g3 Bb4+ 5. Bd2 Be7 6. Bg2 O-O 7. O-O Nbd7 8. Qc2
c6 9. Bf4 b6 10. Nbd2 Nh5 11. Be3 Nhf6 12. Bf4 Nh5 13. Be3 1/2-1/2

[Event "European Hybrid Qual 2021"]
[Site "Tornelo INT"]
[Date "2021.05.27"]
[Round "2.2"]
[White "Gajewski, Grzegorz"]
[Black "Petrov, Nikita"]
[Result "1-0"]
[WhiteTitle "GM"]
[BlackTitle "GM"]
[WhiteElo "2596"]
[BlackElo "2550"]
[WhiteFideId "1116207"]
[BlackFideId "4101286"]
[EventDate "2021.05.24"]
[EventType "k.o."]

1. c4 e6 2. Nc3 d5 3. d4 Nf6 4. cxd5 exd5 5. Bg5 c6 6. e3 Be7 7. Bd3 Nbd7 8.
Nge2 Nf8 9. Qc2 Ne6 10. Bh4 h6 11. O-O O-O 12. Rae1 b5 13. Nc1 Bd7 14. Nb3 a5
15. a4 b4 16. Ne2 Rc8 17. Nf4 Ng5 18. f3 Qb6 19. e4 c5 20. e5 c4 21. exf6 cxb3
22. Qf2 Bxf6 23. Nxd5 Qd6 24. Nxf6+ gxf6 25. Bg3 Qd5 26. h4 Ne6 27. Re4 Rfd8 28.
Qe3 Qh5 29. Bf2 Ng7 30. g4 Qg6 31. Re6 Qxd3 32. Qxd3 Bxe6 33. Qe3 Kh7 34. Qf4
Rc2 35. Qxf6 Rd5 36. Be3 Rxb2 37. Qxh6+ Kg8 38. Bg5 Ne8 39. Bf6 Nxf6 40. Qxf6
Rc2 41. h5 1-0

[Event "European Hybrid Qual 2021"]
[Site "Tornelo INT"]
[Date "2021.05.26"]
[Round "2.1"]
[White "Esipenko, Andrey"]
[Black "Urkedal, Frode Olav Olsen"]
[Result "1-0"]
[WhiteTitle "GM"]
[BlackTitle "GM"]
[WhiteElo "2701"]
[BlackElo "2561"]
[WhiteFideId "24175439"]
[BlackFideId "1506102"]
[EventDate "2021.05.24"]
[EventType "k.o."]

1. e4 e5 2. Nf3 Nc6 3. Bb5 a6 4. Ba4 Nf6 5. O-O Be7 6. d3 b5 7. Bb3 d6 8. c3 O-O
9. h3 Na5 10. Bc2 c5 11. d4 Qc7 12. Re1 Bd7 13. d5 c4 14. b4 cxb3 15. axb3 Rfc8
16. Ra2 Bd8 17. Bd2 Qb8 18. Na3 Bb6 19. Qe2 Nb7 20. b4 g6 21. Rea1 Ra7 22. Bd3
Nh5 23. Nb1 Ng3 24. Qe1 f5 25. exf5 Bxf5 26. Bxf5 Nxf5 27. Rxa6 Rxa6 28. Rxa6
Nd8 29. c4 Rxc4 30. Na3 Qb7 31. Nxc4 Qxa6 32. Nxb6 Qxb6 33. Qc1 Qb8 34. Bg5 Nf7
35. Bf6 Ng7 36. Qc6 Nh5 37. Be7 Ng7 38. Nd2 Qe8 39. Qc7 Nf5 40. Bf6 e4 41. Nxe4
Qxe4 42. Qc8+ Nd8 43. Qxd8+ Kf7 44. Bc3 Qxd5 45. Qf6+ Ke8 46. Qh8+ Kd7 47. Qxh7+
Kc6 48. Qxg6 Qd1+ 49. Kh2 Qc2 50. Qe8+ Kc7 51. Qe1 Kd7 52. Bf6 d5 53. Qe5 Qxf2
54. Qxd5+ Ke8 55. Qxb5+ Kf7 56. Be5 Ne3 57. Qd7+ Kf8 58. Bd6+ Kg8 59. Qe8+ Kg7
60. Qe7+ Kg6 61. Qe4+ Kh5 1-0

[Event "European Hybrid Qual 2021"]
[Site "Tornelo INT"]
[Date "2021.05.27"]
[Round "2.2"]
[White "Urkedal, Frode Olav Olsen"]
[Black "Esipenko, Andrey"]
[Result "1/2-1/2"]
[WhiteTitle "GM"]
[BlackTitle "GM"]
[WhiteElo "2561"]
[BlackElo "2701"]
[WhiteFideId "1506102"]
[BlackFideId "24175439"]
[EventDate "2021.05.24"]
[EventType "k.o."]

1. c4 Nf6 2. Nc3 e5 3. Nf3 Nc6 4. g3 Nd4 5. Bg2 Nxf3+ 6. Bxf3 Bb4 7. Qb3 Bc5 8.
d3 h6 9. Na4 Be7 10. O-O O-O 11. Bd2 c6 12. Nc3 d6 13. Bg2 Qc7 14. Rac1 Re8 15.
Qa4 Be6 16. h3 Qd7 17. Kh2 a6 18. Qc2 b5 19. f4 exf4 20. Bxf4 d5 21. cxd5 cxd5
22. e3 Rac8 23. Qd2 d4 24. exd4 Nd5 25. Nxd5 Bxd5 26. Rfe1 Bf6 27. Bxd5 Qxd5 28.
Re4 Bxd4 29. Qe2 Qd7 30. b3 Rxe4 31. dxe4 Rxc1 32. Bxc1 Qc6 1/2-1/2

[Event "European Hybrid Qual 2021"]
[Site "Tornelo INT"]
[Date "2021.05.26"]
[Round "2.1"]
[White "Pruijssers, Roeland"]
[Black "Shimanov, Aleksandr"]
[Result "1-0"]
[WhiteTitle "GM"]
[BlackTitle "GM"]
[WhiteElo "2561"]
[BlackElo "2597"]
[WhiteFideId "1013068"]
[BlackFideId "4198603"]
[EventDate "2021.05.24"]
[EventType "k.o."]

1. e4 c6 2. d4 d5 3. Nc3 dxe4 4. Nxe4 Nf6 5. Nxf6+ exf6 6. c3 Bd6 7. Bd3 Na6 8.
Qc2 Nc7 9. Ne2 h5 10. Bd2 Kf8 11. c4 g6 12. O-O-O Kg7 13. f4 Bg4 14. f5 g5 15.
Rde1 h4 16. Nc3 b5 17. c5 Be7 18. Rhf1 b4 19. Na4 Nd5 20. Re4 Bh5 21. g4 hxg3
22. hxg3 g4 23. Bc4 Qd7 24. Bxd5 cxd5 25. Re2 Bd8 26. c6 Qc7 27. Bf4 Qa5 28. b3
Rc8 29. Rfe1 Qa6 30. c7 Bxc7 31. Bxc7 Rxc7 32. Nc5 Qd6 33. Qd3 Rcc8 34. Kb2 a5
35. Re3 Rc7 36. Qb5 Ra7 37. Kb1 Rb8 38. Qe2 Rh8 39. Qd2 Rc7 40. Nd3 Qd7 41. Qf2
Rhc8 42. Rh1 Rc2 43. Qf4 Qc6 44. Nc5 Rxc5 45. dxc5 Qxc5 46. Re2 Qc3 47. Qe3 Qxe3
48. Rxe3 Rh8 49. Kc1 Kh6 50. Re2 Kg5 51. Reh2 Rh7 52. Kd2 Rh8 53. Kd3 Rh7 54.
Kd4 Rh8 55. Kxd5 Rh7 56. Kd6 Rh8 57. Ke7 Rh6 58. Rxh5+ 1-0

[Event "European Hybrid Qual 2021"]
[Site "Tornelo INT"]
[Date "2021.05.27"]
[Round "2.2"]
[White "Shimanov, Aleksandr"]
[Black "Pruijssers, Roeland"]
[Result "1-0"]
[WhiteTitle "GM"]
[BlackTitle "GM"]
[WhiteElo "2597"]
[BlackElo "2561"]
[WhiteFideId "4198603"]
[BlackFideId "1013068"]
[EventDate "2021.05.24"]
[EventType "k.o."]

1. d4 d5 2. c4 e6 3. Nc3 Nf6 4. Bg5 Be7 5. e3 h6 6. Bxf6 Bxf6 7. Nf3 O-O 8. Rc1
b6 9. cxd5 exd5 10. b4 Be6 11. Be2 Be7 12. b5 c5 13. O-O Nd7 14. dxc5 Nxc5 15.
Nd4 Qd7 16. Bf3 a6 17. Nc6 Bf6 18. Nxd5 Bxd5 19. Bxd5 axb5 20. Qf3 Ra3 21. Rfd1
Nd3 22. Be4 Re8 23. Rd2 Rxe4 24. Qxe4 Nc5 25. Rxd7 Nxe4 26. Rc2 Nc3 27. Ra7 Na4
28. Nb4 Bc3 29. Nd5 b4 30. g3 b5 31. Nc7 Rxa2 32. Rxa2 b3 33. Ra3 b2 34. Rb3 Nc5
35. Rxb5 Nd3 36. Rab7 g5 37. Nd5 Be5 38. Rb3 Nc5 39. Rxb2 1-0

[Event "European Hybrid Qual 2021"]
[Site "Tornelo INT"]
[Date "2021.05.27"]
[Round "2.3"]
[White "Shimanov, Aleksandr"]
[Black "Pruijssers, Roeland"]
[Result "1-0"]
[WhiteTitle "GM"]
[BlackTitle "GM"]
[WhiteElo "2597"]
[BlackElo "2561"]
[WhiteFideId "4198603"]
[BlackFideId "1013068"]
[EventDate "2021.05.24"]
[EventType "k.o."]

1. d4 d5 2. c4 e6 3. Nc3 Nf6 4. Bg5 Be7 5. e3 h6 6. Bxf6 Bxf6 7. Nf3 O-O 8. Rc1
c6 9. h4 g6 10. h5 g5 11. Bd3 Bg7 12. Bb1 Nd7 13. cxd5 exd5 14. Ne2 f5 15. Qd3
Qe7 16. O-O Nb6 17. Nd2 Be6 18. f3 Rad8 19. Rce1 Qd6 20. Kh1 Nc8 21. e4 Ne7 22.
e5 Qd7 23. b4 Rf7 24. f4 g4 25. Nb3 b6 26. Rc1 Rff8 27. Ng3 Nc8 28. Rc3 Rf7 29.
Rfc1 Ne7 30. b5 cxb5 31. Rc7 Qe8 32. Rxa7 Rc8 33. Rxc8 Nxc8 34. Rxf7 Qxf7 35.
Nxf5 Bf8 36. Ng3 Be7 37. f5 1-0

[Event "European Hybrid Qual 2021"]
[Site "Tornelo INT"]
[Date "2021.05.27"]
[Round "2.4"]
[White "Pruijssers, Roeland"]
[Black "Shimanov, Aleksandr"]
[Result "1/2-1/2"]
[WhiteTitle "GM"]
[BlackTitle "GM"]
[WhiteElo "2561"]
[BlackElo "2597"]
[WhiteFideId "1013068"]
[BlackFideId "4198603"]
[EventDate "2021.05.24"]
[EventType "k.o."]

1. e4 e5 2. Nf3 Nc6 3. Bb5 Nf6 4. d3 Bc5 5. c3 O-O 6. O-O Re8 7. h3 a6 8. Ba4 b5
9. Bc2 d6 10. Re1 h6 11. Nbd2 Bb6 12. Nf1 Ne7 13. Ng3 Ng6 14. a4 Rb8 15. d4 c5
16. Be3 Be6 17. Qd2 exd4 18. cxd4 Ba5 19. Qd1 Bxe1 20. Qxe1 bxa4 21. dxc5 dxc5
22. Qc3 Qb6 23. Bxa4 Rec8 24. Nf5 Qxb2 25. Qxb2 Rxb2 26. Nd6 Rcb8 27. e5 Rb1+
28. Rxb1 Rxb1+ 29. Kh2 Nd7 30. Bxd7 Bxd7 31. Bxc5 Bc6 32. Nd2 Rc1 33. Bd4 Rd1
34. N6c4 Bb5 35. Bb2 a5 36. Kg3 a4 37. f4 Bxc4 38. Nxc4 Rd3+ 39. Kg4 a3 40. Nxa3
Rb3 41. Bc1 Rc3 42. Bb2 Rb3 43. Bc1 Rc3 44. Bb2 Rb3 1/2-1/2

[Event "European Hybrid Qual 2021"]
[Site "Tornelo INT"]
[Date "2021.05.26"]
[Round "2.1"]
[White "Alekseenko, Kirill"]
[Black "Nikolov, Momchil"]
[Result "1-0"]
[WhiteTitle "GM"]
[BlackTitle "GM"]
[WhiteElo "2699"]
[BlackElo "2542"]
[WhiteFideId "4135539"]
[BlackFideId "2905710"]
[EventDate "2021.05.24"]
[EventType "k.o."]

1. e4 c5 2. Nf3 e6 3. d4 cxd4 4. Nxd4 a6 5. Bd3 Nf6 6. Qe2 d6 7. c4 g6 8. Nc3
Bg7 9. O-O O-O 10. Rd1 Qc7 11. Be3 Nbd7 12. Rac1 b6 13. f3 Bb7 14. Qd2 Rac8 15.
Bf1 Rfd8 16. b4 Qb8 17. Nb3 Bf8 18. Qf2 Bc6 19. a3 Re8 20. Kh1 Be7 21. Qd2 Ne5
22. Qd4 Ned7 23. Bg5 Red8 24. Qe3 Re8 25. Qd2 Bf8 26. Qf2 Nh5 27. Be2 Bg7 28.
Be3 Nhf6 29. Bd4 Bf8 30. Rb1 Qc7 31. Bf1 Bh6 32. Qh4 Bg7 33. Qf2 Bh6 34. a4 Rb8
35. Qh4 Bg7 36. Rbc1 Ba8 37. Nb1 Bc6 38. b5 Bb7 39. a5 Nh5 40. axb6 Nxb6 41.
Bxg7 Kxg7 42. c5 dxc5 43. Nxc5 Qe5 44. Nxb7 Rxb7 45. bxa6 Rd7 46. Qf2 Rd6 47.
Na3 Nf6 48. Nb5 Rxd1 49. Rxd1 Nfd7 50. Kg1 Rc8 51. a7 g5 52. g3 h6 53. Qe3 Qb2
54. Be2 Rc2 55. Rxd7 Rxe2 56. Qd4+ Kg6 57. Qxb2 Rxb2 58. Rb7 Rxb5 59. a8=Q Nxa8
60. Rxb5 Nc7 61. Rb7 Na6 62. Kf2 Nc5 63. Rc7 Nd3+ 64. Ke2 Ne5 65. f4 Ng4 66. h3
Nf6 67. Kf3 gxf4 68. gxf4 Nh5 69. Rc1 Kg7 70. Rg1+ Kf8 71. Ke3 Nf6 72. Ra1 Nh5
73. Ra5 Nf6 74. Kd4 Kg7 75. Ra7 Nh5 76. Ke5 Nf6 77. f5 exf5 78. exf5 Nh7 79. Ra3 1-0

[Event "European Hybrid Qual 2021"]
[Site "Tornelo INT"]
[Date "2021.05.27"]
[Round "2.2"]
[White "Nikolov, Momchil"]
[Black "Alekseenko, Kirill"]
[Result "1/2-1/2"]
[WhiteTitle "GM"]
[BlackTitle "GM"]
[WhiteElo "2542"]
[BlackElo "2699"]
[WhiteFideId "2905710"]
[BlackFideId "4135539"]
[EventDate "2021.05.24"]
[EventType "k.o."]

1. d4 Nf6 2. c4 e6 3. Nc3 Bb4 4. Qc2 d6 5. Nf3 O-O 6. a3 Bxc3+ 7. Qxc3 Nc6 8. g3
e5 9. d5 Ne7 10. Bg2 a5 11. b3 Bd7 12. O-O Qc8 13. Re1 Bh3 14. Bh1 h6 15. e4 Ng4
16. Nh4 f5 17. f3 Nf6 18. exf5 Nxf5 19. Nxf5 Qxf5 20. Bg2 Bxg2 21. Kxg2 Nd7 22.
Ra2 Nc5 23. Rf1 Qb1 24. Rb2 Qd3 25. Qxd3 Nxd3 26. Rc2 Nxc1 27. Rcxc1 b6 1/2-1/2

[Event "European Hybrid Qual 2021"]
[Site "Tornelo INT"]
[Date "2021.05.26"]
[Round "2.1"]
[White "Yuffa, Daniil"]
[Black "Krasenkow, Michal"]
[Result "0-1"]
[WhiteTitle "GM"]
[BlackTitle "GM"]
[WhiteElo "2587"]
[BlackElo "2597"]
[WhiteFideId "24131423"]
[BlackFideId "1113100"]
[EventDate "2021.05.24"]
[EventType "k.o."]

1. d4 d5 2. c4 dxc4 3. e4 Nc6 4. Nf3 Bg4 5. Be3 e6 6. Bxc4 Nf6 7. Nc3 Bb4 8. Qc2
O-O 9. Rd1 Bxf3 10. gxf3 Nh5 11. a3 Ba5 12. Rg1 Qh4 13. Bb5 Qxh2 14. Ke2 f5 15.
Bxc6 bxc6 16. Kd3 Qh3 17. exf5 Qxf5+ 18. Kd2 Qxc2+ 19. Kxc2 Bxc3 20. bxc3 Rxf3
21. Rb1 Nf6 22. c4 Ne4 23. Rb7 Rf7 24. Kd3 Nd6 25. Rb4 Rd7 26. c5 Nf5 27. Bf4 a5
28. Rc4 Rb8 29. Be5 g6 30. Kc3 Ne7 31. Kc2 Nd5 32. Ra4 Rb5 33. Rg3 Rf7 34. f4
Rf8 0-1